000 01173naa a22003137u 4500
001 06846
003 HDC
007 cr bn ---aaaaa
008 210125s2004 nyu eng
040 _aHDC
100 _aVanapalli, Siva A.,
_eauthor
_97281
245 0 _aFood Emulsions :
_bOrthokinetic Stability of Food Emulsions /
_cby Siva A. Vanapalli and John N. Coupland ; edited by Stig E. Friberg, Kare Larsson and Johan Sjoblom
250 _aFourth Edition, Revised and Expanded
260 _aNew York :
_bMarcel Dekker,
_c2004
300 _a25 pages
336 _atext
_2rdacontent
337 _acomputer
_2rdamedia
338 _aonline resource
_2rdacarrier
500 _aOriginal from book
650 _aEmulsions
_96772
650 _aFood industry and trade
_9140
700 _aFriberg, Stig,
_d1930-
_eeditor
_97271
700 _aLarsson, Kåre,
_d1937-
_eeditor
_97272
700 _aSjöblom, Johan,
_d1953-
_eeditor
_97273
856 _zRequest full-text at [email protected]
942 _2lcc
942 _cCHAP
942 _kEBCH 000350
999 _c4170
_d4170